000 00230nam a2200097Ia 4500
008 190216s9999||||xx |||||||||||||| ||und||
100 _aProf.Chacko K C
245 0 _aVasthu Balathanthram
260 _bKerala Basha Inst
942 _cBK
999 _c37719
_d37719